000 00600 a2200217 4500
005 20250401161834.0
008 250401b |||||||| |||| 00| 0 eng d
020 _a9789354643606
_cRs. 1099.00
040 _aMAIN
082 _a006.31
_bM859M
100 _aMotwani, Bharti
110 _aMotwani, Bharti
245 _aMachine Learning for Text and Image Data Analysis
260 _bWiley India
_aNew Delhi
_c2024
300 _axxii, 805
440 _aWiley emerging technology series
650 _aComputer Science
650 _aMachine Learning
650 _aData Analysis
942 _cBK
999 _c360769
_d360769